| Tag |
First Indicator |
Second Indicator |
Subfields |
| LEADER |
00000cam a2200000 i 4500 |
| 001 |
in00002780903 |
| 005 |
20150922120539.0 |
| 008 |
120222s2013 nyua b 001 0 eng |
| 010 |
|
|
|a 2012007560
|
| 020 |
|
|
|a 9780415533645 (hb : alk. paper)
|
| 020 |
|
|
|a 0415533643 (hb : alk. paper)
|
| 020 |
|
|
|a 9780415533669 (pb : alk. paper)
|
| 020 |
|
|
|a 041553366X (pb : alk. paper)
|
| 020 |
|
|
|a 0203100670 (ebook)
|
| 020 |
|
|
|a 9780203100677 (ebook)
|
| 035 |
|
|
|a (OCoLC)ocn768171328
|
| 040 |
|
|
|a DLC
|e rda
|c DLC
|d UtOrBLW
|
| 049 |
|
|
|a TXAM
|
| 050 |
0 |
0 |
|a NA4100
|b .B46 2013
|
| 082 |
0 |
0 |
|a 721/.040285
|2 23
|
| 100 |
1 |
|
|a Beorkrem, Christopher.
|
| 245 |
1 |
0 |
|a Material strategies in digital fabrication /
|c Christopher Beorkrem.
|
| 264 |
|
1 |
|a New York :
|b Routledge,
|c 2013.
|
| 300 |
|
|
|a 223 pages :
|b illustrations (some color) ;
|c 29 cm.
|
| 336 |
|
|
|a text
|b txt
|2 rdacontent
|
| 337 |
|
|
|a unmediated
|b n
|2 rdamedia
|
| 338 |
|
|
|a volume
|b nc
|2 rdacarrier
|
| 504 |
|
|
|a Includes bibliographical references (pages [220]-221) and index.
|
| 650 |
|
0 |
|a Building materials.
|
| 650 |
|
0 |
|a Architecture
|x Technological innovations.
|
| 650 |
|
0 |
|a Manufacturing processes
|x Data processing.
|
| 650 |
|
0 |
|a Manufacturing processes
|x Automation.
|
| 650 |
|
0 |
|a Computer integrated manufacturing systems.
|
| 945 |
|
|
|a PromptCat
|b 30951
|
| 946 |
|
|
|a stk
|
| 947 |
|
|
|a A14835998235
|
| 948 |
|
|
|a cataloged
|b h
|c 2012/9/27
|d c
|e dmitchel
|f 3:20:10 pm
|
| 994 |
|
|
|a 92
|b TXA
|
| 999 |
|
|
|a MARS
|
| 999 |
f |
f |
|s 821555a8-c3c0-33cb-a079-7b61d6c44d8a
|i 6f20bb39-1300-3b63-b332-ba8da058e165
|t 0
|
| 952 |
f |
f |
|p normal
|a Texas A&M University
|b College Station
|c Sterling C. Evans Library
|s Evans stk
|d Evans: Library Stacks
|t 0
|e NA4100 .B46 2013
|h Library of Congress classification
|i unmediated -- volume
|m A14835998235
|
| 952 |
f |
f |
|p normal
|a Texas A&M University
|b College Station
|c Sterling C. Evans Library
|s Evans stk
|d Evans: Library Stacks
|t 0
|e NA4100 .B46 2013
|h Library of Congress classification
|i unmediated -- volume
|m A14843337933
|
| 998 |
f |
f |
|a NA4100 .B46 2013
|t 0
|l Evans: Library Stacks
|
| 998 |
f |
f |
|a NA4100 .B46 2013
|t 0
|l Evans: Library Stacks
|